000 00391nam a2200157 a 4500
005 20140414132105.0
008 100823s19uu xx 00 eng d
050 _aVCD
_bT36
100 _aRich, Richard
245 _aThomas Edison and the electric light.
260 _c2001.
300 _a30 mins / Color / Stereo
650 _aThomas Edison
650 _aElectricity
999 _c114581
_d114581